Stavba domu v praksi. Díl 2., Provedení stavby od hlavní rovnosti až do úplného ukončení. /
Uložené v:
| Hlavný autor: | |
|---|---|
| Médium: | Kniha |
| Jazyk: | Czech |
| Vydané: |
Praha :
Grada Publishing, spol. s r.o.,
2002
|
| Vydanie: | 3. vyd. |
| Témy: | |
| ISBN: |
8024702630 (viaz.) |
| Fyzický popis: |
202 s. |
| Tagy: |
Pridať tag
Žiadne tagy, Buďte prvý kto otaguje tento záznam!
|
Titul je dostupný aj v ... 

MARC
| LEADER | 00000nam a2200000 a 4500 | ||
|---|---|---|---|
| 001 | 000081021 | ||
| 003 | SVKK | ||
| 005 | 20040304000000.0 | ||
| 008 | 031106s2002 cs e czeo | ||
| 020 | |a 8024702630 (viaz.) | ||
| 040 | |a SVKKK |b slo |c SVKKK |e AACR2 | ||
| 041 | 0 | |a cze | |
| 044 | |a cs |c CS | ||
| 080 | |a 69.05 |2 1997 | ||
| 080 | |a 728 |2 1997 | ||
| 080 | |a 72.012.2 |2 1997 | ||
| 100 | 1 | |a Ondřej, Severin |4 aut | |
| 245 | 1 | 0 | |a Stavba domu v praksi. |n Díl 2., |p Provedení stavby od hlavní rovnosti až do úplného ukončení. / |c Severin Ondřej |
| 246 | 3 | 0 | |a Provedení stavby od hlavní rovnosti až do úplného ukončení. |
| 250 | |a 3. vyd. | ||
| 260 | |a Praha : |b Grada Publishing, spol. s r.o., |c 2002 | ||
| 300 | |a 202 s. | ||
| 653 | 0 | |a stavby |2 SVKKKPH | |
| 653 | 0 | |a domy |2 SVKKKPH | |
| 653 | 0 | |a práce stavebné |2 SVKKKPH | |
| 653 | 0 | |a projekty |2 SVKKKPH | |
| 653 | 0 | |a štúdie |2 SVKKKPH | |
| 655 | 7 | |a príručky |2 SVKKKPH | |
| 910 | |a svkkk | ||
| 919 | |a 80-247-0263-0 | ||
| 974 | |a UH |d 20031230 | ||
| 974 | |a KL |d 20031217 | ||
| 974 | |a TI |d 20040304 | ||
| 998 | |a BK | ||
| 090 | |g SCKHL |k Sklad Hlavná 10 prízemie |a V.210483 |j 957278 |i 2720018782 |s Absenčne | ||